| 000 | 00668nam a2200217 a 4500 | ||
|---|---|---|---|
| 005 | 20231115063557.0 | ||
| 008 | 991125m19882004mx 000 0 spa u | ||
| 020 | _a9682314631 | ||
| 035 | _aUPN01000057261 | ||
| 049 | _aCG | ||
| 050 | 4 |
_aB809.8 _bA5.78 1988 |
|
| 100 | 1 |
_aAnderson, Perry, _d1938- _928726 |
|
| 245 | 1 | 0 |
_aTras las huellas del materialismo histórico / _cPerry Anderson ; tr. Eduardo Terrén. |
| 250 | _a2a ed. | ||
| 260 |
_aMéxico : _bSiglo XXI, _c1988 (2004 impr.). |
||
| 300 | _a141 p. | ||
| 440 | 0 | _aTeoría | |
| 534 |
_pTraducción de: _tIn the tracks of historical materialism |
||
| 650 | 4 |
_aMaterialismo dialéctico _94555 |
|
| 905 | _aLibro | ||
| 999 |
_c57261 _d57261 |
||